[Event "Women's Speed Chess Q5"]
[Site "chess.com INT"]
[Date "2020.06.22"]
[Round "6"]
[White "Vantika, Agrawal"]
[Black "Hoang, Thi Bao Tram"]
[Result "0-1"]
[WhiteTitle "WIM"]
[BlackTitle "WGM"]
[WhiteElo "2286"]
[BlackElo "2288"]
[WhiteFideId "25050389"]
[BlackFideId "12401102"]
[EventDate "2020.06.22"]

1. d4 d5 2. c4 c6 3. Nf3 Nf6 4. e3 Bf5 5. Nc3 e6 6. Nh4 Be4 7. f3 Bg6 8. Qb3 Qb6
9. Nxg6 hxg6 10. Bd2 Nbd7 11. O-O-O Qxb3 12. axb3 Bd6 13. h3 Nh5 14. Bd3 Bc7 15.
Ne2 O-O-O 16. Kc2 a6 17. Be1 Nhf6 18. g4 e5 19. cxd5 Nxd5 20. Bd2 exd4 21. Nxd4
Ne5 22. Be4 Nf6 23. Bc3 Nxe4 24. fxe4 Rde8 25. Rdf1 f6 26. Ne2 Nd7 27. e5 Bxe5
28. Bd2 g5 29. Rf3 Bc7 30. Rhf1 Ne5 0-1

[Event "Women's Speed Chess Q5"]
[Site "chess.com INT"]
[Date "2020.06.22"]
[Round "6"]
[White "Zavivaeva, Evelina"]
[Black "Sedina, Elena"]
[Result "0-1"]
[WhiteTitle "WCM"]
[BlackTitle "IM"]
[WhiteElo "1619"]
[BlackElo "2299"]
[WhiteFideId "44127839"]
[BlackFideId "812153"]
[EventDate "2020.06.22"]

1. e4 e6 2. d4 d5 3. exd5 exd5 4. Bd3 Nc6 5. Nf3 Bd6 6. O-O Nge7 7. Re1 Bg4 8.
c3 Qd7 9. Bg5 f6 10. Bh4 O-O-O 11. Bg3 Bxg3 12. hxg3 h5 13. Nbd2 g5 14. Qa4 h4
15. gxh4 gxh4 16. Bb5 Rdg8 17. Rxe7 Qxe7 18. Bxc6 bxc6 19. Qxc6 Qe6 20. Qxe6+
Bxe6 21. Re1 Bf5 22. Re7 Kd8 23. Re3 h3 24. Nb3 hxg2 25. Nh2 Rxh2 26. Rg3 Rxg3
27. fxg3 Rh1+ 28. Kxg2 Be4+ 29. Kf2 Rb1 30. Nc5 Rxb2+ 31. Ke3 Rxa2 32. Nxe4 dxe4
33. Kxe4 a5 34. c4 a4 35. g4 a3 36. Kf5 Rf2+ 37. Kg6 a2 38. d5 a1=Q 0-1

[Event "Women's Speed Chess Q5"]
[Site "chess.com INT"]
[Date "2020.06.22"]
[Round "6"]
[White "Millard, Charlotte"]
[Black "Cholleti, Sahajasri"]
[Result "0-1"]
[WhiteTitle "WCM"]
[BlackTitle "WIM"]
[WhiteElo "1252"]
[BlackElo "2235"]
[WhiteFideId "14320363"]
[BlackFideId "5045118"]
[EventDate "2020.06.22"]

1. e4 c5 2. Nf3 d6 3. d4 cxd4 4. Nxd4 Nf6 5. Nc3 a6 6. f4 e5 7. Nb3 Be7 8. f5 b5
9. a3 Bb7 10. Bd3 Qb6 11. Qf3 Nbd7 12. Be3 Qc7 13. O-O-O Rc8 14. Qf2 Ng4 15. Qg3
Nxe3 16. Qxe3 Nb6 17. Rd2 Nc4 18. Bxc4 Qxc4 19. g4 h6 20. h4 Qc7 21. Rg2 Bc6 22.
Qg3 a5 23. Na1 b4 24. axb4 axb4 25. Nd5 Bxd5 26. exd5 Qc4 27. Rd1 f6 28. Nb3 Kd7
29. Qf3 Ra8 30. Rdd2 Rhc8 31. Kd1 Ra2 32. g5 fxg5 33. hxg5 Bxg5 34. Qh5 Qf1# 0-1

[Event "Women's Speed Chess Q5"]
[Site "chess.com INT"]
[Date "2020.06.22"]
[Round "6"]
[White "Belenkaya, Dina"]
[Black "Kashlinskaya, Alina"]
[Result "0-1"]
[WhiteTitle "WGM"]
[BlackTitle "IM"]
[WhiteElo "2297"]
[BlackElo "2494"]
[WhiteFideId "24142654"]
[BlackFideId "4198026"]
[EventDate "2020.06.22"]

1. e4 e5 2. Nf3 Nf6 3. Nc3 Nc6 4. d4 exd4 5. Nxd4 Bb4 6. Nxc6 bxc6 7. Bd3 O-O 8.
O-O d5 9. exd5 cxd5 10. Bg5 c6 11. h3 h6 12. Bf4 Bd6 13. Qf3 Rb8 14. b3 Rb4 15.
Ne2 Re8 16. Bxd6 Qxd6 17. Rad1 a5 18. c3 Rb7 19. Nd4 Rbe7 20. c4 Bd7 21. Bf5 Re5
22. Bxd7 Qxd7 23. c5 Ne4 24. Rfe1 Nd2 25. Rxe5 Nxf3+ 26. Nxf3 Rxe5 27. Nxe5 Qe7
28. Nxc6 Qxc5 29. Nd4 Qa3 30. Nc6 g6 31. g3 Qxa2 32. Rxd5 Qb1+ 33. Kh2 Qc2 34.
Rd8+ Kg7 35. Nd4 Qxf2+ 36. Kh1 Qxg3 37. h4 0-1

[Event "Women's Speed Chess Q5"]
[Site "chess.com INT"]
[Date "2020.06.22"]
[Round "6"]
[White "Sargsyan, Anna M."]
[Black "Zhao, Xue"]
[Result "1-0"]
[WhiteTitle "WGM"]
[BlackTitle "GM"]
[WhiteElo "2405"]
[BlackElo "2486"]
[WhiteFideId "13308130"]
[BlackFideId "8601283"]
[EventDate "2020.06.22"]

1. d4 Nf6 2. c4 e6 3. Nf3 b6 4. g3 Ba6 5. Qc2 Bb4+ 6. Bd2 Be7 7. Bg2 d5 8. cxd5
Nxd5 9. Nc3 O-O 10. O-O c5 11. dxc5 bxc5 12. Rfe1 Nc6 13. a3 Rc8 14. Rad1 Nd4
15. Qa4 Qb6 16. Nxd4 cxd4 17. Nxd5 exd5 18. Bxd5 Rfe8 19. Ba5 Qf6 20. Qxd4 Qxd4
21. Rxd4 Bf6 22. Rd2 h5 23. h4 g6 24. e3 Kg7 25. Red1 Bb5 26. b3 Re5 27. a4 Be8
28. Bb4 Rxd5 29. Rxd5 Rb8 30. Bc5 Rxb3 31. Bxa7 Bxa4 32. Bd4 Bxd4 33. R5xd4 Bc6
34. R4d3 Rb7 35. Rc3 Bf3 36. Re1 Rb4 37. Rd3 f5 38. Rd4 Kh6 39. Rxb4 1-0

[Event "Women's Speed Chess Q5"]
[Site "chess.com INT"]
[Date "2020.06.22"]
[Round "6"]
[White "Eswaran, Ashritha"]
[Black "Shuvalova, Polina"]
[Result "1-0"]
[WhiteTitle "WIM"]
[BlackTitle "WGM"]
[WhiteElo "2244"]
[BlackElo "2454"]
[WhiteFideId "2080788"]
[BlackFideId "24171760"]
[EventDate "2020.06.22"]

1. e4 c6 2. d4 d5 3. Nc3 dxe4 4. Nxe4 Bf5 5. Ng3 Bg6 6. N1e2 Nf6 7. Nf4 e5 8.
dxe5 Qa5+ 9. Bd2 Qxe5+ 10. Be2 Nbd7 11. Nxg6 hxg6 12. Bc3 Qc7 13. Qd3 O-O-O 14.
O-O-O Bc5 15. Qf3 Rhe8 16. Bc4 Nb6 17. Bb3 Nbd5 18. Bxf6 Nxf6 19. Kb1 Kb8 20.
Rhe1 a6 21. c3 Ka8 22. Bc2 Bb6 23. h3 Nd5 24. Ne4 Ka7 25. Ng5 Nf6 26. g4 Rxd1+
27. Rxd1 Re7 28. Bb3 a5 29. Bxf7 Qe5 30. h4 a4 31. Bc4 a3 32. b3 Qc5 33. Ne6 Qe5
34. Nd4 Rd7 35. g5 Bxd4 36. gxf6 Bxc3 37. Rxd7 Qe1+ 38. Kc2 Qa1 39. Qe3+ 1-0

[Event "Women's Speed Chess Q5"]
[Site "chess.com INT"]
[Date "2020.06.22"]
[Round "6"]
[White "Bulmaga, Irina"]
[Black "Tokhirjonova, Gulrukhbegim"]
[Result "1-0"]
[WhiteTitle "IM"]
[BlackTitle "WGM"]
[WhiteElo "2440"]
[BlackElo "2378"]
[WhiteFideId "13903063"]
[BlackFideId "14203626"]
[EventDate "2020.06.22"]

1. e4 e5 2. Nf3 Nc6 3. d4 exd4 4. c3 d5 5. e5 dxc3 6. Nxc3 Be6 7. Bb5 Bb4 8. O-O
Ne7 9. a3 Ba5 10. b4 Bb6 11. h3 h6 12. Bb2 O-O 13. Ne2 a5 14. Qd2 Ng6 15. Ng3
Nce7 16. Bd3 Qd7 17. Nd4 c6 18. f4 Nh4 19. Kh1 Nhf5 20. Ngxf5 Nxf5 21. Nxf5 Bxf5
22. g4 Bxg4 23. hxg4 Qxg4 24. Qg2 Qh4+ 25. Qh2 Qg4 26. Rae1 axb4 27. Re2 bxa3
28. Ba1 a2 29. Rg2 Qe6 30. f5 Qd7 31. Qxh6 f6 32. e6 Qe7 33. Qg6 Ra3 34. Rf3 1-0

[Event "Women's Speed Chess Q5"]
[Site "chess.com INT"]
[Date "2020.06.22"]
[Round "6"]
[White "Javakhishvili, Lela"]
[Black "Zimina, Olga"]
[Result "0-1"]
[WhiteTitle "IM"]
[BlackTitle "IM"]
[WhiteElo "2475"]
[BlackElo "2378"]
[WhiteFideId "13601458"]
[BlackFideId "4132190"]
[EventDate "2020.06.22"]

1. c4 c6 2. Nf3 d5 3. e3 Nf6 4. b3 Bg4 5. Bb2 e6 6. Be2 Nbd7 7. O-O Bd6 8. h3
Bh5 9. Nc3 O-O 10. d4 Qb8 11. Rc1 a5 12. cxd5 exd5 13. Nh4 Bxe2 14. Qxe2 g6 15.
Na4 Ne4 16. Nf3 Qd8 17. Ne5 Bxe5 18. dxe5 Qe7 19. Bd4 Nxe5 20. Nc5 Rfe8 21. Bxe5
Qxe5 22. Nxb7 Rec8 23. Nc5 a4 24. Nxa4 c5 25. Nb6 Nc3 26. Qb2 d4 27. Nxc8 Rxa2
28. exd4 cxd4 29. Rce1 Qxe1 30. Qxa2 Ne2+ 31. Kh2 Qxf1 32. h4 Qxf2 33. Ne7+ Kf8
34. Nd5 Qxh4# 0-1

[Event "Women's Speed Chess Q5"]
[Site "chess.com INT"]
[Date "2020.06.22"]
[Round "6"]
[White "Vaishali, R"]
[Black "Tomilova, Elena"]
[Result "0-1"]
[WhiteTitle "WGM"]
[BlackTitle "WGM"]
[WhiteElo "2393"]
[BlackElo "2353"]
[WhiteFideId "5091756"]
[BlackFideId "4162340"]
[EventDate "2020.06.22"]

1. d4 Nf6 2. Nf3 e6 3. Bf4 b6 4. e3 Bb7 5. Nbd2 Be7 6. Bd3 Nh5 7. Bg3 d6 8. Qe2
a6 9. e4 c5 10. c3 O-O 11. e5 d5 12. h4 cxd4 13. cxd4 Nxg3 14. fxg3 Nc6 15. a3
b5 16. Qe3 f5 17. exf6 Bxf6 18. O-O Qd6 19. Nb3 Rae8 20. Ng5 Bxg5 21. Qxg5 e5
22. Rxf8+ Rxf8 23. Nc5 Bc8 24. b4 Nxd4 25. Re1 e4 26. Bb1 h6 27. Qe3 Nf3+ 28.
gxf3 Rxf3 29. Qe2 Qxg3+ 30. Kh1 Qxh4+ 31. Kg1 Rg3+ 32. Kf1 Bh3+ 33. Kf2 Rg2+ 34.
Ke3 Rxe2+ 35. Rxe2 Qg3+ 36. Kd4 Qxa3 0-1

[Event "Women's Speed Chess Q5"]
[Site "chess.com INT"]
[Date "2020.06.22"]
[Round "6"]
[White "Janzelj, Lara"]
[Black "Tarini, Goyal"]
[Result "1-0"]
[WhiteTitle "WIM"]
[BlackTitle "WFM"]
[WhiteElo "2210"]
[BlackElo "2164"]
[WhiteFideId "14608391"]
[BlackFideId "5082749"]
[EventDate "2020.06.22"]

1. c4 e6 2. g3 d5 3. Bg2 Nf6 4. Nf3 d4 5. O-O c5 6. d3 Nc6 7. e3 Bd6 8. exd4
cxd4 9. Re1 O-O 10. Na3 h6 11. Nc2 e5 12. b4 Nxb4 13. Nxb4 Bxb4 14. Rxe5 Re8 15.
Rxe8+ Qxe8 16. Rb1 Bc3 17. Bb2 Bxb2 18. Rxb2 Qd8 19. Qe1 Bf5 20. Rxb7 Bxd3 21.
Ne5 Bg6 22. Nxg6 fxg6 23. Qe6+ Kh7 24. Qf7 Qf8 25. Qxg7+ Qxg7 26. Rxg7+ Kxg7 27.
Bxa8 d3 28. Kf1 Kf7 29. h3 Nd7 30. Bd5+ Kf6 31. Ke1 Nc5 32. Kd2 Ke5 33. Bf7 g5
34. f3 Kd4 35. h4 Nd7 36. hxg5 hxg5 37. f4 gxf4 38. gxf4 Nf6 39. Bd5 a5 40. a4 1-0

[Event "Women's Speed Chess Q5"]
[Site "chess.com INT"]
[Date "2020.06.22"]
[Round "6"]
[White "Bodnaruk, Anastasia"]
[Black "Foisor, Sabina-Francesca"]
[Result "1-0"]
[WhiteTitle "IM"]
[BlackTitle "WGM"]
[WhiteElo "2411"]
[BlackElo "2228"]
[WhiteFideId "4181751"]
[BlackFideId "1212915"]
[EventDate "2020.06.22"]

1. e4 c6 2. Nf3 d5 3. exd5 cxd5 4. Ne5 Nc6 5. d4 Nf6 6. c3 g6 7. Bd3 Bg7 8. f4
O-O 9. Nd2 Be6 10. O-O Qc8 11. Re1 Nxe5 12. fxe5 Ne8 13. Nf1 Bf5 14. Ne3 Bxd3
15. Qxd3 Nc7 16. h3 b5 17. Ng4 h5 18. Nf2 Ne6 19. g4 hxg4 20. Nxg4 Qc4 21. Qg3
b4 22. h4 bxc3 23. bxc3 Rac8 24. Bd2 Rb8 25. Rf1 Rb2 26. Rf2 Rxa2 27. Raf1 Rc2
28. h5 Qa2 29. Qg2 a5 30. Ne3 Rb2 31. Nxd5 Qa3 32. Ne3 a4 33. Nc4 Qb3 34. Nxb2
Qxb2 35. hxg6 fxg6 36. Qxg6 Rxf2 37. Qxe6+ 1-0

[Event "Women's Speed Chess Q5"]
[Site "chess.com INT"]
[Date "2020.06.22"]
[Round "6"]
[White "Daulyte-Cornette, Deimante"]
[Black "Diakonova, Ekaterina"]
[Result "0-1"]
[WhiteTitle "IM"]
[WhiteElo "2400"]
[BlackElo "2209"]
[WhiteFideId "12802859"]
[BlackFideId "24172936"]
[EventDate "2020.06.22"]

1. e4 c6 2. d4 d5 3. e5 Bf5 4. h4 h5 5. Bd3 Bxd3 6. Qxd3 Qa5+ 7. Nd2 e6 8. Nf3
Ne7 9. O-O Nf5 10. c4 dxc4 11. Nxc4 Qd5 12. Ne3 Nxe3 13. fxe3 Be7 14. e4 Qd7 15.
Bg5 f6 16. Be3 Na6 17. a3 O-O-O 18. b4 Nc7 19. Rac1 Kb8 20. Qb3 Rhf8 21. Rfd1 f5
22. exf5 Rxf5 23. Bg5 Bxg5 24. Nxg5 Rf4 25. Nf3 Rdf8 26. a4 Qf7 27. b5 cxb5 28.
axb5 Nd5 29. Ra1 Qg6 30. Kf2 Rxf3+ 31. gxf3 Qg4 32. Qa3 Qxh4+ 33. Ke2 Qh2+ 34.
Ke1 Qg1+ 35. Kd2 Qf2+ 36. Kc1 Rc8+ 37. Kb1 Qc2# 0-1

[Event "Women's Speed Chess Q5"]
[Site "chess.com INT"]
[Date "2020.06.22"]
[Round "6"]
[White "Kiran, Manisha Mohanty"]
[Black "Luong, Phuong Hanh"]
[Result "0-1"]
[WhiteTitle "WGM"]
[BlackTitle "WIM"]
[WhiteElo "2168"]
[BlackElo "2230"]
[WhiteFideId "5019575"]
[BlackFideId "12401013"]
[EventDate "2020.06.22"]

1. e4 c5 2. Nf3 e6 3. d4 cxd4 4. Nxd4 a6 5. Bd3 Bc5 6. Nb3 Be7 7. c4 Qc7 8. O-O
Nf6 9. Nc3 d6 10. Be3 Nbd7 11. Rc1 b6 12. Nd4 Bb7 13. Bb1 Ne5 14. b3 Neg4 15.
Bd2 d5 16. f4 dxe4 17. h3 Bc5 18. Ne2 Rd8 19. hxg4 Bxd4+ 20. Nxd4 Rxd4 21. Qe2
h5 22. g5 Ng4 23. b4 Qd7 24. Bc3 f6 25. Rcd1 Rxd1 26. Rxd1 Qc6 27. Re1 f5 28.
Bxg7 Rg8 29. Bb2 Kf7 30. Rd1 e3 31. b5 axb5 32. cxb5 Qc7 33. Qd3 Kg6 34. Rf1 Bd5
35. Qe2 Bc4 36. Bd3 Bd5 37. a4 Qc5 38. Rc1 Qb4 39. Rc7 Qxf4 40. Qxg4 Qf2+ 41.
Kh2 hxg4 42. Re7 Qxg2# 0-1

[Event "Women's Speed Chess Q5"]
[Site "chess.com INT"]
[Date "2020.06.22"]
[Round "6"]
[White "Sihite, Chelsie Monica Ignesias"]
[Black "Koridze, Lile"]
[Result "1-0"]
[WhiteTitle "WIM"]
[BlackTitle "WFM"]
[WhiteElo "2252"]
[BlackElo "1996"]
[WhiteFideId "7101198"]
[BlackFideId "13612514"]
[EventDate "2020.06.22"]

1. c4 e5 2. Nc3 Nf6 3. g3 d5 4. cxd5 Nxd5 5. Bg2 Nb6 6. Nf3 Nc6 7. O-O Be7 8. a4
O-O 9. a5 Nc4 10. d3 N4xa5 11. Nxe5 Nxe5 12. Rxa5 Nc6 13. Bxc6 bxc6 14. Qa4 Bh3
15. Re1 Re8 16. Qxc6 Bb4 17. Rd5 Qc8 18. Bf4 a5 19. Qxc7 Qe6 20. Re5 Qf6 21. Nd5
Qd8 22. Rxe8+ Qxe8 23. Nxb4 axb4 24. Qe5 Qc6 25. f3 h6 26. Be3 Re8 27. Qf4 Qe6
28. Kf2 Qb3 29. Bd4 f6 30. g4 h5 31. Kg3 hxg4 32. fxg4 Qd5 33. Kxh3 Kf7 34. Kg3
Rh8 35. Rc1 Kg6 36. Qf5+ Qxf5 37. gxf5+ Kxf5 38. e4+ Ke6 39. Rc6+ Kf7 40. Rb6
Rd8 41. Rxb4 Rh8 42. h4 Rh5 43. Rb6 Kg6 44. Be3 Ra5 45. b4 Ra2 46. Rd6 Rb2 47.
Bc5 Rb3 48. Kf4 Rb1 49. Ke3 Re1+ 50. Kd4 Rb1 1-0

[Event "Women's Speed Chess Q5"]
[Site "chess.com INT"]
[Date "2020.06.22"]
[Round "6"]
[White "Divya, Deshmukh"]
[Black "Mamedjarova, Turkan"]
[Result "0-1"]
[WhiteTitle "WIM"]
[BlackTitle "WGM"]
[WhiteElo "2305"]
[BlackElo "2309"]
[WhiteFideId "35006916"]
[BlackFideId "13402005"]
[EventDate "2020.06.22"]

1. e4 e5 2. Nc3 Nf6 3. Bc4 Bc5 4. d3 h6 5. Be3 d6 6. Qd2 c6 7. a3 Nbd7 8. Nge2
b5 9. Ba2 Ng4 10. Bxc5 Nxc5 11. O-O Qh4 12. h3 Nf6 13. f4 O-O 14. fxe5 dxe5 15.
Rf3 Be6 16. Qe3 Ncd7 17. Bxe6 fxe6 18. Raf1 Nh7 19. d4 Qg5 20. Rxf8+ Rxf8 21.
Qxg5 Nxg5 22. h4 Nf7 23. Rd1 Re8 24. dxe5 Ndxe5 25. Nd4 a6 26. Nb3 Nc4 27. Rb1
Nfe5 28. Nc5 a5 29. a4 b4 30. Ne2 Kf7 31. b3 Ne3 32. Re1 Nxc2 0-1

[Event "Women's Speed Chess Q5"]
[Site "chess.com INT"]
[Date "2020.06.22"]
[Round "6"]
[White "Vijayalakshmi, Subbaraman"]
[Black "Antolak, Julia"]
[Result "0-1"]
[WhiteTitle "IM"]
[BlackTitle "WIM"]
[WhiteElo "2332"]
[BlackElo "2323"]
[WhiteFideId "5004098"]
[BlackFideId "1159569"]
[EventDate "2020.06.22"]

1. Nf3 g6 2. g3 Bg7 3. Bg2 Nf6 4. O-O O-O 5. d4 d6 6. c4 Nc6 7. b3 Bg4 8. Bb2 e5
9. d5 Ne7 10. h3 Bc8 11. Ne1 a5 12. a3 Nd7 13. Qc2 f5 14. Nc3 Nb6 15. Nd3 Bd7
16. c5 Nbc8 17. b4 c6 18. Rad1 cxd5 19. Nxd5 Bc6 20. Nxe7+ Qxe7 21. Bxc6 bxc6
22. cxd6 Nxd6 23. Qxc6 Nf7 24. Nc5 Rac8 25. Qd7 Qf6 26. Ne6 Rfe8 27. Nxg7 Kxg7
28. bxa5 Rcd8 29. Qa4 Rb8 30. Bc3 Ng5 31. h4 Ne4 32. Ba1 g5 33. hxg5 Qxg5 34.
Kg2 Kh8 0-1

[Event "Women's Speed Chess Q5"]
[Site "chess.com INT"]
[Date "2020.06.22"]
[Round "6"]
[White "Bogumil, Tatiana"]
[Black "Nurmanova, Alua"]
[Result "0-1"]
[WhiteTitle "WGM"]
[BlackTitle "WFM"]
[WhiteElo "2182"]
[BlackElo "2026"]
[WhiteFideId "4110579"]
[BlackFideId "13729390"]
[EventDate "2020.06.22"]

1. Nf3 Nf6 2. c4 g6 3. b3 Bg7 4. Bb2 O-O 5. g3 c5 6. Bg2 Nc6 7. O-O d6 8. d4
cxd4 9. Nxd4 Bd7 10. Nc2 Rc8 11. Nc3 a6 12. e4 Re8 13. Ne3 Qa5 14. a3 b5 15. b4
Qb6 16. Ncd5 Nxd5 17. Nxd5 Qb8 18. Bxg7 Kxg7 19. Rc1 Ne5 20. Qd4 Kg8 21. c5 Nc4
22. cxd6 Qxd6 23. f4 Nxa3 24. e5 Qb8 25. h4 Nc4 26. Kh2 Bc6 27. e6 fxe6 28. Ne3
Bxg2 29. Nxg2 Qd6 30. Qe4 Qd5 31. Qe2 Nd6 32. Rfe1 Rxc1 33. Rxc1 Rc8 34. Re1 Kf7
35. Ne3 Qe4 36. Qd2 Nf5 0-1

[Event "Women's Speed Chess Q5"]
[Site "chess.com INT"]
[Date "2020.06.22"]
[Round "6"]
[White "Pham, Bich Ngoc"]
[Black "Khotenashvili, Bela"]
[Result "0-1"]
[WhiteTitle "WIM"]
[BlackTitle "GM"]
[WhiteElo "2235"]
[BlackElo "2458"]
[WhiteFideId "12401285"]
[BlackFideId "13602640"]
[EventDate "2020.06.22"]

1. g3 g6 2. Bg2 Bg7 3. e4 c5 4. d3 Nc6 5. f4 e6 6. Nf3 Nge7 7. O-O d6 8. c3 O-O
9. Be3 b5 10. Na3 Rb8 11. d4 cxd4 12. Nxd4 b4 13. cxb4 Nxb4 14. Rf2 Bd7 15. Nc4
d5 16. Nd6 dxe4 17. Nxe4 Nbd5 18. Bc1 Qb6 19. Nb3 Ba4 20. Bf3 Bxb3 21. Qxb3 Qxb3
22. axb3 Bd4 23. Kg2 Bxf2 24. Kxf2 Rxb3 25. Rxa7 Rc8 26. Ra1 Nf5 27. Bd1 Rb6 28.
g4 Nd4 29. g5 Nb3 30. Bxb3 Rxb3 31. Rb1 Rc2+ 32. Kf1 Rxh2 33. Nf2 Rf3 34. Kg1
Rfxf2 35. b4 Rfg2+ 36. Kf1 Rc2 37. Kg1 Nc3 38. Ra1 Rhg2+ 39. Kh1 Rge2 40. Ba3
Ne4 41. b5 Ng3+ 42. Kg1 Rg2# 0-1

[Event "Women's Speed Chess Q5"]
[Site "chess.com INT"]
[Date "2020.06.22"]
[Round "6"]
[White "Ziegenfuss, Antonia"]
[Black "Linares Napoles, Oleiny"]
[Result "0-1"]
[WhiteTitle "WFM"]
[BlackTitle "WGM"]
[WhiteElo "2101"]
[BlackElo "2215"]
[WhiteFideId "12962554"]
[BlackFideId "3504794"]
[EventDate "2020.06.22"]

1. d4 Nf6 2. c4 e6 3. Nc3 c5 4. d5 exd5 5. cxd5 d6 6. e4 g6 7. Nge2 Bg7 8. Ng3
O-O 9. Be2 Na6 10. O-O Nc7 11. f4 Re8 12. e5 dxe5 13. d6 Na6 14. f5 e4 15. fxg6
fxg6 16. Bg5 h6 17. Bxf6 Bxf6 18. Rxf6 Qxf6 19. Ngxe4 Qg7 20. d7 Bxd7 21. Qxd7
Re7 22. Qd5+ Kh8 23. Rf1 Rae8 24. Bf3 Qd4+ 25. Qxd4+ cxd4 26. Nd5 Rxe4 27. Bxe4
Rxe4 28. Rf8+ Kg7 29. Rd8 Nc5 30. Rc8 Nd3 31. Rc7+ Kf8 32. h3 Nxb2 33. Rxb7 Nc4
34. Rxa7 d3 35. Nc3 Re1+ 36. Kh2 Rc1 37. Ne4 d2 38. Nxd2 Nxd2 39. a4 Nf1+ 40.
Kh1 Ne3+ 41. Kh2 Ra1 42. a5 h5 43. a6 Nf5 44. Ra8+ Kg7 45. a7 h4 46. g4 hxg3+
47. Kg2 Ra2+ 48. Kf3 g2 0-1

[Event "Women's Speed Chess Q5"]
[Site "chess.com INT"]
[Date "2020.06.22"]
[Round "6"]
[White "Goh, Jie Yi"]
[Black "Martynyuk, Elizaveta"]
[Result "1/2-1/2"]
[WhiteTitle "WCM"]
[BlackTitle "FM"]
[WhiteElo "1743"]
[BlackElo "2041"]
[WhiteFideId "5710049"]
[BlackFideId "24128511"]
[EventDate "2020.06.22"]

1. d4 d5 2. Bf4 Nf6 3. e3 c5 4. c3 Qb6 5. Qb3 c4 6. Qxb6 axb6 7. Nf3 Bf5 8. Na3
Nc6 9. Be2 e6 10. Nb5 Kd7 11. Ne5+ Nxe5 12. dxe5 Ne4 13. f3 Nc5 14. e4 dxe4 15.
fxe4 Bxe4 16. Bxc4 Be7 17. Rd1+ Kc8 18. O-O Na4 19. Rd2 Rd8 20. Nd6+ Bxd6 21.
exd6 Bc6 22. Rfd1 Nc5 23. Be3 Ne4 24. Rd3 b5 25. Bb3 Kd7 26. Rd4 e5 27. Rb4 f6
28. c4 bxc4 29. Rxc4 Nxd6 30. Bb6 Ke8 31. Bxd8 Nxc4 32. Bxf6 Nxb2 33. Rb1 gxf6
34. Rxb2 Rd8 35. Kf2 Rd4 36. Ke3 Ke7 37. Rf2 h6 38. g3 Rb4 39. Rc2 Rd4 40. Rf2
Re4+ 41. Kd3 Rd4+ 42. Ke3 1/2-1/2

[Event "Women's Speed Chess Q5"]
[Site "chess.com INT"]
[Date "2020.06.22"]
[Round "6"]
[White "De Seroux, Camille"]
[Black "Yu, Jennifer"]
[Result "0-1"]
[WhiteTitle "WIM"]
[BlackTitle "FM"]
[WhiteElo "2137"]
[BlackElo "2315"]
[WhiteFideId "1305620"]
[BlackFideId "2078341"]
[EventDate "2020.06.22"]

1. e4 g6 2. d4 Bg7 3. Nc3 d6 4. Be3 a6 5. Qd2 b5 6. O-O-O Nd7 7. f3 Bb7 8. g4 h5
9. gxh5 Rxh5 10. Nge2 e5 11. Ng3 Rh8 12. h4 exd4 13. Bxd4 Ne5 14. Be2 Rxh4 15.
f4 c5 16. Bxe5 Rxh1 17. Bxg7 Rxd1+ 18. Qxd1 f6 19. Nd5 Kf7 20. Qg1 Bxd5 21. exd5
Kxg7 22. Bd3 Ne7 23. Nf5+ Nxf5 24. Bxf5 Qe8 25. Be6 Qh8 26. b3 Qh4 27. Qe3 Rh8
28. Bd7 f5 29. Qc3+ Qf6 30. Qxf6+ Kxf6 31. Kd2 Rh4 32. Ke3 Rh3+ 33. Kd2 Rf3 34.
c4 bxc4 35. bxc4 Rxf4 36. Kc3 Rf3+ 37. Kb2 g5 38. Bc8 a5 39. Ba6 Ke5 40. Bb5 g4
41. Bd7 g3 0-1

[Event "Women's Speed Chess Q5"]
[Site "chess.com INT"]
[Date "2020.06.22"]
[Round "6"]
[White "Kiolbasa, Oliwia"]
[Black "Abrahamyan, Tatev"]
[Result "1-0"]
[WhiteTitle "WIM"]
[BlackTitle "WGM"]
[WhiteElo "2160"]
[BlackElo "2358"]
[WhiteFideId "1154613"]
[BlackFideId "13301918"]
[EventDate "2020.06.22"]

1. e4 e6 2. d4 d5 3. Nc3 Bb4 4. e5 Ne7 5. a3 Bxc3+ 6. bxc3 c5 7. h4 Qa5 8. Bd2
Nbc6 9. h5 h6 10. Nf3 Bd7 11. Rh4 O-O-O 12. Rf4 Rdf8 13. g3 f6 14. exf6 gxf6 15.
Bh3 Qc7 16. Qe2 Qd6 17. dxc5 Qxc5 18. Bxe6 Qd6 19. Bxd7+ Qxd7 20. Kf1 Nf5 21.
Rb1 Nd6 22. Nd4 Ne5 23. Nb5 Nxb5 24. Qxb5 Nc4 25. Qxd7+ Kxd7 26. Be3 b6 27. Bd4
Nxa3 28. Ra1 Nxc2 29. Rxa7+ Kc6 30. Bxf6 Rhg8 31. Bg7 Re8 32. Bxh6 Re1+ 33. Kg2
Re2 34. Rf6+ Kb5 35. Rb7 Kc4 36. Rbxb6 Ne1+ 37. Kf1 Re4 38. Rb4+ Kxc3 39. Rxe4
dxe4 40. Kxe1 Kd3 41. Re6 Rb8 42. Rd6+ Kc4 43. Ke2 1-0

[Event "Women's Speed Chess Q5"]
[Site "chess.com INT"]
[Date "2020.06.22"]
[Round "6"]
[White "Petrova, Irina"]
[Black "Tarleva, Vira"]
[Result "0-1"]
[WhiteTitle "WIM"]
[BlackTitle "WFM"]
[WhiteElo "2087"]
[BlackElo "2030"]
[WhiteFideId "14124122"]
[BlackFideId "14116693"]
[EventDate "2020.06.22"]

1. d4 d5 2. Bf4 Nf6 3. e3 e6 4. c4 c6 5. Nc3 Nbd7 6. Nf3 a6 7. cxd5 exd5 8. Bd3
Be7 9. O-O O-O 10. h3 Re8 11. Qc2 Nf8 12. Rab1 a5 13. a3 Bd6 14. Bxd6 Qxd6 15.
b4 axb4 16. axb4 b6 17. Rfc1 Bb7 18. Na4 N8d7 19. b5 Rec8 20. bxc6 Rxc6 21. Qb3
Rxc1+ 22. Rxc1 Bc6 23. Bb5 Bxb5 24. Qxb5 Qa3 25. Rc7 Qxa4 26. Qxa4 Rxa4 27. Ne5
Nf8 28. Nxf7 b5 29. Nd6 b4 30. Rb7 Ne6 31. Rb8+ Nf8 32. Kh2 Nd7 33. Rb7 h6 34.
Rb5 Nf6 35. Nc8 N8d7 36. Ne7+ Kf7 37. Nxd5 Nxd5 38. Rxd5 Ke6 39. Rb5 Kd6 40. e4
Kc6 41. Rf5 b3 42. Rf3 Rb4 43. Rc3+ Kd6 44. Rc1 Rxd4 45. Rb1 Rb4 46. Kg3 b2 47.
f4 Nc5 48. e5+ Kd5 49. Kg4 Na4 50. Kf5 Nc3 0-1